Maloobchodná prevádzka na internete realizovaná free softvérom diplomová práca

Salvato in:
Dettagli Bibliografici
Autore principale: Chrappan, Peter
Ente Autore: Obchodná fakulta EU. Katedra informatiky obchodných firiem
Altri autori: Pólya, Attila
Natura: Libro
Lingua:slovacco
Pubblicazione: Bratislava 2010
Tags: Aggiungi Tag
Nessun Tag, puoi essere il primo ad aggiungerne!!

MARC

LEADER 00000nam a2200000 4500
001 0121303
005 20240318122541.5
041 0 |a slo 
044 |a SK 
245 1 0 |a Maloobchodná prevádzka na internete realizovaná free softvérom  |b diplomová práca  |c Peter Chrappan ; škol. Attila Pólya 
264 1 |a Bratislava  |c 2010 
300 |a 75 s. 
100 1 |a Chrappan, Peter 
700 1 |a Pólya, Attila 
710 2 |a Obchodná fakulta EU. Katedra informatiky obchodných firiem